Drawing (Record no. 38425)

MARC details
000 -LEADER
fixed length control field 00250nam a2200109Ia 4500
082 ## - DEWEY DECIMAL CLASSIFICATION NUMBER
Classification number 741.0(026)
Item number MYR
245 #0 - TITLE STATEMENT
Title Drawing
260 ## - PUBLICATION, DISTRIBUTION, ETC. (IMPRINT)
Place of publication London
Name of publisher Usborne
Year of publication 1981
700 ## - ADDED ENTRY--PERSONAL NAME
Personal name Myring, Lynn
942 ## - ADDED ENTRY ELEMENTS (KOHA)
Koha item type Books
Holdings
Withdrawn status Lost status Damaged status Not for loan Home library Current library Date acquired Full call number Accession Number Koha item type
      Write off RRII Library RRII Library 16/12/2021 741.0(026) MYR 18782 Books